[Event "DEN-ch"]
[Site "Koge"]
[Date "2004.04.11"]
[Round "4.1"]
[White "El Kher, Henrik"]
[Black "Pedersen, Steffen"]
[Result "1/2-1/2"]
[WhiteElo "2404"]
[BlackElo "2417"]
[PlyCount "85"]
[EventDate "2004.04.04"]
[EventType "k.o."]
[EventRounds "4"]
[EventCountry "DEN"]
[SourceTitle "CBM 099 Extra"]
[Source "ChessBase"]
[SourceDate "2004.05.04"]
[SourceVersion "1"]
[SourceVersionDate "2004.05.04"]
[SourceQuality "1"]

1. d4 d5 2. Bg5 f6 3. Bh4 c5 4. Nc3 Nc6 5. e3 cxd4 6. exd4 Bf5 7. g4 Bg6 8. Bd3 Qd7 9. h3 0-0-0 10. Nge2 e5 11. dxe5 Nxe5 12. Bg3 d4 13. Bxe5 fxe5 14. Bxg6 hxg6 15. Ne4 Qc6 16. Qd3 Nf6 17. f3 Bb4+ 18. Kf2 Nd5 19. Rac1 Kb8 20. Kg3 Be7 21. h4 Qb6 22. c3 dxc3 23. bxc3 Nf4 24. Qc2 Rxh4 25. Nxf4 exf4+ 26. Kg2 Rxh1 27. Rxh1 a6 28. Rd1 Rc8 29. Rd7 Bf6 30. Rd3 g5 31. Qd2 Qb1 32. Rd7 Rh8 33. Nf2 Qb6 34. c4 Rc8 35. Qd5 Rc5 36. Rxb7+ Qxb7 37. Qxc5 Qb2 38. Qd6+ Kb7 39. Qd5+ Ka7 40. Qc5+ Kb7 41. Qd5+ Ka7 42. Qc5+ Kb7 43. Qd5+ 1/2-1/2

[Event "DEN-ch"]
[Site "Koge"]
[Date "2004.04.05"]
[Round "1.2"]
[White "Fries Nielsen, Niels Jorgen"]
[Black "El Kher, Henrik"]
[Result "1/2-1/2"]
[WhiteElo "2380"]
[BlackElo "2404"]
[PlyCount "27"]
[EventDate "2004.04.04"]
[EventType "k.o."]
[EventRounds "4"]
[EventCountry "DEN"]
[SourceTitle "CBM 099 Extra"]
[Source "ChessBase"]
[SourceDate "2004.05.04"]
[SourceVersion "1"]
[SourceVersionDate "2004.05.04"]
[SourceQuality "1"]

1. d4 Nf6 2. c3 d5 3. Bf4 c6 4. e3 Bf5 5. Bd3 e6 6. Nf3 Bd6 7. Ne5 0-0 8. 0-0 Bxd3 9. Nxd3 Qc7 10. Nd2 Nbd7 11. c4 Bxf4 12. Nxf4 dxc4 13. Nxc4 Rfd8 14. Rc1 1/2-1/2

[Event "DEN-ch"]
[Site "Koge"]
[Date "2004.04.04"]
[Round "1.1"]
[White "El Kher, Henrik"]
[Black "Fries Nielsen, Niels Jorgen"]
[Result "1/2-1/2"]
[WhiteElo "2404"]
[BlackElo "2380"]
[PlyCount "70"]
[EventDate "2004.04.04"]
[EventType "k.o."]
[EventRounds "4"]
[EventCountry "DEN"]
[SourceTitle "CBM 099 Extra"]
[Source "ChessBase"]
[SourceDate "2004.05.04"]
[SourceVersion "1"]
[SourceVersionDate "2004.05.04"]
[SourceQuality "1"]

1. e4 e6 2. d4 d6 3. f4 g6 4. Nf3 Bg7 5. Bd3 Ne7 6. Nc3 Na6 7. Be3 c6 8. Qd2 Qa5 9. e5 Nb4 10. Be2 Nf5 11. Bf2 dxe5 12. dxe5 0-0 13. Rd1 Nd5 14. 0-0 Nxc3 15. Qxc3 Qxc3 16. bxc3 b6 17. a4 Ne7 18. c4 Ba6 19. Nd4 Rfd8 20. a5 Bf8 21. axb6 axb6 22. Rb1 c5 23. Nb5 Bxb5 24. Rxb5 Nc8 25. Bd3 Be7 26. g4 Ra6 27. Rfb1 Rd7 28. f5 Bd8 29. R5b3 Bc7 30. Re1 Ne7 31. fxe6 fxe6 32. Be4 Ra4 33. Rd3 Rxd3 34. Bxd3 Nc6 35. Bg3 Ra2 1/2-1/2

[Event "Helsinge op"]
[Site "Helsinge"]
[Date "2003.11.16"]
[Round "2"]
[White "Schmidt, Kresten"]
[Black "El Kher, Henrik"]
[Result "0-1"]
[WhiteElo "2339"]
[BlackElo "2404"]
[PlyCount "64"]
[EventDate "2003.11.15"]
[EventType "swiss"]
[EventRounds "2"]
[EventCountry "DEN"]
[SourceTitle "EXT 2008"]
[Source "ChessBase"]
[SourceDate "2007.11.25"]
[SourceVersion "1"]
[SourceVersionDate "2007.11.25"]
[SourceQuality "1"]

1. e4 c5 2. Nf3 Nc6 3. Bb5 e6 4. Bxc6 bxc6 5. 0-0 Ne7 6. Nc3 Ng6 7. d3 Be7 8. Ne2 0-0 9. b3 d6 10. c4 e5 11. Ne1 f5 12. f3 Nh4 13. Be3 Qe8 14. g3 Ng6 15. exf5 Bxf5 16. g4 Be6 17. Ng2 Qd7 18. Qe1 Rae8 19. Qg3 d5 20. Rad1 Bd6 21. Qe1 h5 22. gxh5 Nf4 23. Bxf4 exf4 24. Qh4 Bh3 25. Rfe1 Be7 26. Qf2 Bxg2 27. Kxg2 Qd8 28. Nc3 Bh4 29. Rxe8 Qg5+ 30. Kf1 Bxf2 31. Rxf8+ Kxf8 32. Kxf2 Qe5 0-1

[Event "DEN-chT 0203"]
[Site "Denmark"]
[Date "2002.11.03"]
[Round "1.3"]
[White "Pedersen, Daniel Vesterbaek"]
[Black "El Kher, Henrik"]
[Result "1/2-1/2"]
[WhiteElo "2344"]
[BlackElo "2355"]
[PlyCount "91"]
[EventDate "2002.11.06"]
[EventType "team"]
[EventRounds "7"]
[EventCountry "DEN"]
[SourceTitle "EXT 2006"]
[Source "ChessBase"]
[SourceDate "2005.11.24"]
[SourceVersion "1"]
[SourceVersionDate "2005.11.24"]
[SourceQuality "1"]

1. e4 e5 2. Nf3 Nc6 3. Nc3 Nf6 4. g3 Bc5 5. Bg2 d6 6. 0-0 0-0 7. d3 a5 8. h3 a4 9. a3 h6 10. Be3 Be6 11. d4 exd4 12. Nxd4 Nxd4 13. Bxd4 Nd7 14. f4 Bxd4+ 15. Qxd4 Qf6 16. Rad1 Qxd4+ 17. Rxd4 Nb6 18. Re1 Ra5 19. h4 f6 20. Bf1 Rc5 21. Rb4 Ra8 22. Rb5 Ra5 23. Rxa5 Rxa5 24. Nb5 Bd7 25. c4 Bxb5 26. cxb5 Nd7 27. Bc4+ Kf8 28. Kf2 Ke7 29. Ke3 c6 30. bxc6 bxc6 31. Kd4 Nb6 32. Bd3 c5+ 33. Kc3 Ra8 34. Bb1 Kd7 35. Ba2 Re8 36. Kd3 d5 37. Re2 d4 38. Bf7 Re7 39. Bc4 Kd6 40. Ba2 g5 41. hxg5 hxg5 42. fxg5 fxg5 43. Rh2 Nd7 44. Rh6+ Kc7 45. Bd5 Ne5+ 46. Ke2 1/2-1/2

[Event "Nordic-chT U20"]
[Site "Viby"]
[Date "2002.09.06"]
[Round "1.2"]
[White "El Kher, Henrik"]
[Black "Bohlke, Christian"]
[Result "1-0"]
[WhiteElo "2409"]
[BlackElo "2111"]
[PlyCount "73"]
[EventDate "2002.09.06"]
[EventType "team-tourn"]
[EventRounds "3"]
[EventCountry "DEN"]
[SourceTitle "EXT 2018"]
[Source "ChessBase"]
[SourceDate "2017.10.13"]
[SourceVersion "1"]
[SourceVersionDate "2017.10.13"]
[SourceQuality "1"]
[WhiteTeam "Denmark"]
[BlackTeam "Denmark II"]
[WhiteTeamCountry "DEN"]
[BlackTeamCountry "DEN"]

1. e4 e6 2. d3 d5 3. Nd2 Nf6 4. Ngf3 c5 5. g3 Nc6 6. Bg2 Be7 7. 0-0 0-0 8. Re1 Qc7 9. e5 Nd7 10. Qe2 b5 11. h4 a5 12. Nf1 Ba6 13. Bf4 a4 14. Ne3 b4 15. a3 Nb6 16. Ng5 c4 17. dxc4 bxa3 18. bxa3 Nxc4 19. Nxd5 exd5 20. e6 Qa5 21. exf7+ Kh8 22. Nxh7 Rxf7 23. Qh5 g6 24. Qxg6 Rxh7 25. Qxc6 Rc8 26. Qe6 Qb6 27. Qxb6 Nxb6 28. Re6 Bc5 29. Rb1 Rb7 30. Bh3 Rf8 31. Rc6 Bd4 32. c3 Rf6 33. Be6 Nc4 34. Rc1 Bb5 35. Rc8+ Kh7 36. Bxd5 Nb6 37. Bxb7 1-0

[Event "Politiken Cup 24th"]
[Site "Copenhagen"]
[Date "2002.07.23"]
[Round "8"]
[White "Hovmoller, Kristian"]
[Black "El Kher, Henrik"]
[Result "0-1"]
[WhiteElo "2248"]
[BlackElo "2355"]
[PlyCount "118"]
[EventDate "2002.07.15"]
[EventType "swiss"]
[EventRounds "11"]
[EventCountry "DEN"]
[SourceTitle "CBM 089 Extra"]
[Source "ChessBase"]
[SourceDate "2002.09.10"]
[SourceVersion "2"]
[SourceVersionDate "2002.09.10"]
[SourceQuality "1"]

1. d4 Nf6 2. c4 c5 3. d5 e6 4. Nc3 exd5 5. cxd5 d6 6. e4 g6 7. Be2 Bg7 8. Nf3 0-0 9. 0-0 a6 10. a4 Bg4 11. Nd2 Bxe2 12. Qxe2 Nbd7 13. Nc4 Nb6 14. Ne3 Re8 15. a5 Nc8 16. Nc4 b5 17. axb6 Nxb6 18. Bf4 Nbxd5 19. Nxd5 Nxd5 20. Bxd6 Bd4 21. Rfd1 Qh4 22. e5 Nf6 23. g3 Qh3 24. Qf1 Qxf1+ 25. Rxf1 Ng4 26. Rae1 h5 27. Re2 a5 28. Ra1 a4 29. h3 Nh6 30. Nb6 Ra6 31. Nd5 Rd8 32. Nf6+ Kg7 33. Ne4 Nf5 34. Nxc5 Raxd6 35. exd6 Bxc5 36. Rd2 Nxg3 37. Rxa4 Nf5 38. d7 Kf6 39. Rc4 Bd6 40. Rc6 Rxd7 41. Kf1 Rd8 42. Ra6 Ke7 43. Ra7+ Kf8 44. Ra6 Ke8 45. Rb6 Bc7 46. Rxd8+ Kxd8 47. Rb3 Be5 48. Rb7 Nd6 49. Rb4 Kd7 50. Ke2 Kc6 51. b3 Kc5 52. Ra4 Nb5 53. Kd3 Bc7 54. Re4 Bd6 55. Ra4 Nc7 56. Ra7 f6 57. Ke3 Be5 58. Rb7 Kc6 59. Ra7 Bd4+ 0-1

[Event "Politiken Cup 24th"]
[Site "Copenhagen"]
[Date "2002.07.15"]
[Round "1"]
[White "El Kher, Henrik"]
[Black "Mathiesen, Erik"]
[Result "1-0"]
[WhiteElo "2355"]
[BlackElo "1958"]
[PlyCount "47"]
[EventDate "2002.07.15"]
[EventType "swiss"]
[EventRounds "11"]
[EventCountry "DEN"]
[SourceTitle "CBM 089 Extra"]
[Source "ChessBase"]
[SourceDate "2002.09.10"]
[SourceVersion "2"]
[SourceVersionDate "2002.09.10"]
[SourceQuality "1"]

1. e4 e5 2. Nf3 Nf6 3. Nc3 Nc6 4. Bb5 Bc5 5. 0-0 d6 6. d4 exd4 7. Nd5 h6 8. Nxd4 Bd7 9. Nb3 Ne5 10. Nxc5 Bxb5 11. Nxb7 Qb8 12. Nxc7+ Qxc7 13. Nxd6+ Ke7 14. Nxb5 Qb6 15. a4 Rhd8 16. Qe2 a6 17. Nc3 Kf8 18. b3 Rac8 19. Nd5 Nxd5 20. exd5 Ng6 21. Ba3+ Kg8 22. Rad1 Nf4 23. Qf3 Qf6 24. c4 1-0

[Event "DEN-chB"]
[Site "Nyborg"]
[Date "2001.04.12"]
[Round "3"]
[White "Skytte, Rasmus"]
[Black "El Kher, Henrik"]
[Result "1/2-1/2"]
[WhiteElo "2352"]
[BlackElo "2372"]
[PlyCount "27"]
[EventDate "2001.04.10"]
[EventType "swiss"]
[EventRounds "7"]
[EventCountry "DEN"]
[SourceTitle "EXT 2005"]
[Source "ChessBase"]
[SourceDate "2004.11.15"]
[SourceVersion "1"]
[SourceVersionDate "2004.11.15"]
[SourceQuality "1"]

1. e4 e5 2. Nf3 Nc6 3. Bb5 Nf6 4. 0-0 Nxe4 5. d4 Nd6 6. Bg5 Be7 7. Bxe7 Qxe7 8. Bxc6 dxc6 9. dxe5 Nf5 10. Qd2 Be6 11. Nc3 Rd8 12. Qf4 0-0 13. Rad1 Rxd1 14. Rxd1 1/2-1/2

[Event "DEN Cup"]
[Site "Taastrup"]
[Date "2001.02.09"]
[Round "3.1"]
[White "Brinck Claussen, Bjorn"]
[Black "El Kher, Henrik"]
[Result "1/2-1/2"]
[WhiteElo "2359"]
[BlackElo "2372"]
[PlyCount "34"]
[EventDate "2001.??.??"]
[EventType "k.o."]
[EventRounds "3"]
[EventCountry "DEN"]
[SourceTitle "EXT 2002"]
[Source "ChessBase"]
[SourceDate "2001.11.25"]
[SourceVersion "1"]
[SourceVersionDate "2001.11.25"]
[SourceQuality "1"]

1. e4 c5 2. Nf3 Nc6 3. d4 cxd4 4. Nxd4 Nf6 5. Nc3 e5 6. Ndb5 d6 7. Bg5 a6 8. Na3 b5 9. Nd5 Be7 10. Bxf6 Bxf6 11. c3 Bg5 12. Nc2 Rb8 13. Be2 0-0 14. 0-0 a5 15. a3 Ne7 16. Nxe7+ Qxe7 17. b4 Bb7 1/2-1/2

[Event "DEN Cup"]
[Site "Taastrup"]
[Date "2001.01.21"]
[Round "1.3"]
[White "El Kher, Henrik"]
[Black "Jakobsen, Ole"]
[Result "1/2-1/2"]
[WhiteElo "2372"]
[BlackElo "2399"]
[PlyCount "81"]
[EventDate "2001.??.??"]
[EventType "k.o."]
[EventRounds "3"]
[EventCountry "DEN"]
[SourceTitle "EXT 2002"]
[Source "ChessBase"]
[SourceDate "2001.11.25"]
[SourceVersion "1"]
[SourceVersionDate "2001.11.25"]
[SourceQuality "1"]

1. Nf3 d6 2. g3 g6 3. Bg2 Bg7 4. 0-0 e5 5. e4 Nc6 6. c3 Nf6 7. d3 0-0 8. Nbd2 Ne8 9. Nc4 f5 10. Bg5 Qd7 11. exf5 gxf5 12. d4 Qf7 13. b3 h6 14. Bc1 e4 15. Ne1 d5 16. Ne3 Nf6 17. f4 Be6 18. a4 h5 19. Ba3 Rfe8 20. h4 Qg6 21. Kh2 Kh7 22. N1c2 Rg8 23. Qe1 Bf8 24. Bxf8 Raxf8 25. Bh3 Ne7 26. Rg1 Rg7 27. Qf2 Rfg8 28. Rg2 Qe8 29. Qe2 Qd7 30. Nf1 Ng6 31. Nce3 Nh8 32. Kg1 Nf7 33. Kf2 Nh6 34. Ra2 Qd6 35. b4 Bd7 36. Kg1 b6 37. a5 b5 38. Kh2 c6 39. Qd1 Qe7 40. Raf2 Qe8 41. Rg1 1/2-1/2

[Event "DEN Cup"]
[Site "Taastrup"]
[Date "2001.01.19"]
[Round "1.2"]
[White "Jakobsen, Ole"]
[Black "El Kher, Henrik"]
[Result "0-1"]
[WhiteElo "2399"]
[BlackElo "2372"]
[PlyCount "126"]
[EventDate "2001.??.??"]
[EventType "k.o."]
[EventRounds "3"]
[EventCountry "DEN"]
[SourceTitle "EXT 2002"]
[Source "ChessBase"]
[SourceDate "2001.11.25"]
[SourceVersion "1"]
[SourceVersionDate "2001.11.25"]
[SourceQuality "1"]

1. d4 Nf6 2. c4 Nc6 3. Nf3 e6 4. e3 Bb4+ 5. Bd2 a5 6. Nc3 d6 7. Qc2 0-0 8. Be2 e5 9. d5 Ne7 10. e4 Nd7 11. a3 Bxc3 12. Bxc3 a4 13. Nd2 Nc5 14. b4 axb3 15. Nxb3 Na4 16. Bb4 b6 17. 0-0 Ng6 18. Bd2 f5 19. exf5 Bxf5 20. Bd3 Bxd3 21. Qxd3 Qh4 22. g3 Qh3 23. f3 Qf5 24. Qxf5 Rxf5 25. Bb4 Kf7 26. Nd2 Ke7 27. Rab1 Kd7 28. Ne4 Ne7 29. Rb3 h6 30. h4 Rff8 31. Rf2 Nf5 32. Rd3 Nc5 33. Bxc5 bxc5 34. f4 exf4 35. Rxf4 Nd4 36. Rxf8 Rxf8 37. Nd2 c6 38. dxc6+ Kxc6 39. Kg2 Rf7 40. a4 Ra7 41. Ra3 Re7 42. Nf3 Nc2 43. Rc3 Re2+ 44. Kh3 Nd4 45. Ra3 Nxf3 46. Rxf3 Re4 47. Rc3 Kb6 48. Rb3+ Kc6 49. Rc3 Kb6 50. Rb3+ Ka5 51. Rb7 Rxc4 52. Rxg7 d5 53. Ra7+ Kb4 54. a5 Rc1 55. a6 Ra1 56. Rb7+ Kc3 57. a7 d4 58. Rh7 d3 59. Rxh6 d2 60. Rd6 Rxa7 61. g4 Kc2 62. Rxd2+ Kxd2 63. g5 c4 0-1

[Event "Wch U18"]
[Site "Oropesa del Mar"]
[Date "2000.10.16"]
[Round "5"]
[White "El Kher, Henrik"]
[Black "Sebe Vodislav, Florian George"]
[Result "1-0"]
[WhiteElo "2374"]
[BlackElo "2262"]
[PlyCount "81"]
[EventDate "2000.10.11"]
[EventType "swiss"]
[EventRounds "11"]
[EventCountry "ESP"]
[SourceTitle "EXT 2001"]
[Source "ChessBase"]
[SourceDate "2000.11.22"]
[SourceVersion "1"]
[SourceVersionDate "2000.11.22"]
[SourceQuality "1"]

1. e4 c5 2. Nf3 d6 3. Bb5+ Bd7 4. Bxd7+ Qxd7 5. 0-0 Nc6 6. c4 Nf6 7. Nc3 g6 8. d4 cxd4 9. Nxd4 Bg7 10. Nde2 0-0 11. f3 Rab8 12. Be3 Qd8 13. Qd2 a6 14. Rac1 Qa5 15. Rfd1 Nd7 16. b3 Rfc8 17. Nd5 Qxd2 18. Rxd2 Kf8 19. f4 b6 20. Kf2 Nc5 21. Kf3 g5 22. g3 g4+ 23. Kxg4 Nxe4 24. Rdd1 Nc5 25. Kf3 e6 26. Ndc3 Ke7 27. g4 b5 28. Bxc5 dxc5 29. Ne4 Nd4+ 30. Nxd4 cxd4 31. cxb5 Rxc1 32. Rxc1 Rxb5 33. Rc7+ Kf8 34. Rc5 Rb8 35. Ke2 Ra8 36. Kd3 a5 37. a4 Kg8 38. Nd2 f5 39. gxf5 exf5 40. Rxf5 Re8 41. Ne4 1-0

[Event "Wch U18"]
[Site "Oropesa del Mar"]
[Date "2000.10.11"]
[Round "1"]
[White "El Kher, Henrik"]
[Black "Della Morte, Pablo"]
[Result "1/2-1/2"]
[WhiteElo "2374"]
[BlackElo "2147"]
[PlyCount "94"]
[EventDate "2000.10.11"]
[EventType "swiss"]
[EventRounds "11"]
[EventCountry "ESP"]
[SourceTitle "EXT 2001"]
[Source "ChessBase"]
[SourceDate "2000.11.22"]
[SourceVersion "1"]
[SourceVersionDate "2000.11.22"]
[SourceQuality "1"]

1. d4 f5 2. Nc3 d5 3. e4 dxe4 4. Bf4 Nf6 5. f3 exf3 6. Nxf3 e6 7. Bc4 Bd6 8. Qd2 0-0 9. 0-0-0 c6 10. Rde1 Nd5 11. Bxd5 exd5 12. Re2 Qc7 13. Bxd6 Qxd6 14. Rhe1 Bd7 15. Re7 f4 16. R1e5 Na6 17. Ne2 Rae8 18. Rxe8 Rxe8 19. Qxf4 Rxe5 20. Nxe5 Be6 21. c3 Qf8 22. a4 Qxf4+ 23. Nxf4 Nc7 24. a5 Bc8 25. Nfd3 Kf8 26. Nb4 a6 27. Kd2 Ke7 28. Nbd3 Nb5 29. Ke3 Nd6 30. Nc5 Kd8 31. Kf4 Ke7 32. Na4 Kf6 33. Nb6 g5+ 34. Ke3 h5 35. b3 Bf5 36. g3 Be4 37. Ned7+ Ke7 38. Nc5 Bg6 39. Kd2 Bh7 40. c4 Bg8 41. cxd5 Bxd5 42. Nxd5+ cxd5 43. Kd3 Kf6 44. h3 Kf5 45. Ke3 Kf6 46. g4 hxg4 47. hxg4 Kf7 1/2-1/2

[Event "Politiken Cup 22nd"]
[Site "Copenhagen"]
[Date "2000.07.21"]
[Round "5"]
[White "Hovmoller, Kristian"]
[Black "El Kher, Henrik"]
[Result "0-1"]
[WhiteElo "2170"]
[BlackElo "2374"]
[PlyCount "104"]
[EventDate "2000.07.17"]
[EventType "swiss"]
[EventRounds "11"]
[EventCountry "DEN"]
[SourceTitle "CBM 077 Extra"]
[Source "ChessBase"]
[SourceDate "2000.09.14"]
[SourceVersion "1"]
[SourceVersionDate "2000.09.14"]
[SourceQuality "1"]

1. d4 Nf6 2. c4 Nc6 3. Nc3 e5 4. d5 Ne7 5. e4 Ng6 6. Be3 Bb4 7. f3 Bxc3+ 8. bxc3 d6 9. Bd3 Nd7 10. Ne2 b6 11. Qd2 Nc5 12. Nc1 0-0 13. Nb3 Nxd3+ 14. Qxd3 f5 15. Nd2 Nh4 16. Rg1 Qe8 17. 0-0-0 Qa4 18. Qc2 Qxc2+ 19. Kxc2 Rf7 20. Rdf1 Ba6 21. Ra1 Bc8 22. Kd3 Ng6 23. Rgf1 Bd7 24. Rae1 h6 25. exf5 Bxf5+ 26. Ne4 Raf8 27. Bd2 Nh4 28. Re2 g5 29. h3 Nxg2 30. Rxg2 Bxh3 31. Rgf2 Bxf1+ 32. Rxf1 Rxf3+ 33. Rxf3 Rxf3+ 34. Ke2 Rf7 35. Nf2 Kg7 36. Kf1 Kg6 37. Kg2 h5 38. Ne4 Rf5 39. Ng3 Rf8 40. Ne4 g4 41. Ng5 h4 42. Ne6 h3+ 43. Kg1 h2+ 44. Kxh2 Rf2+ 45. Kg3 Rxd2 46. Nxc7 Rd3+ 47. Kxg4 Rxc3 48. Nb5 Rxc4+ 49. Kf3 Rc5 50. Nxd6 Rxd5 51. Nc8 Ra5 52. Ke4 Kf6 0-1

[Event "DEN-chB"]
[Site "Aalborg"]
[Date "2000.??.??"]
[Round "?"]
[White "El Kher, Henrik"]
[Black "Lindfeldt, Jan Magnus"]
[Result "1/2-1/2"]
[WhiteElo "2372"]
[BlackElo "2287"]
[PlyCount "86"]
[EventDate "2000.??.??"]
[EventType "swiss"]
[EventRounds "7"]
[EventCountry "DEN"]
[SourceTitle "EXT 2001"]
[Source "ChessBase"]
[SourceDate "2000.11.22"]
[SourceVersion "1"]
[SourceVersionDate "2000.11.22"]
[SourceQuality "1"]

1. d4 g6 2. c4 Bg7 3. g3 Nf6 4. Bg2 0-0 5. Nf3 d6 6. 0-0 Nbd7 7. Nc3 c6 8. e4 e5 9. h3 exd4 10. Nxd4 Re8 11. Be3 Nc5 12. Qc2 a5 13. Rad1 Qe7 14. Rfe1 Ne6 15. f4 Nxd4 16. Bxd4 Be6 17. b3 Nh5 18. Bxg7 Kxg7 19. Qf2 Kg8 20. g4 Nf6 21. Nd5 Bxd5 22. exd5 Qc7 23. dxc6 Rxe1+ 24. Rxe1 bxc6 25. Qd4 Ne8 26. f5 d5 27. fxg6 hxg6 28. cxd5 cxd5 29. Qxd5 Qb6+ 30. Kh1 Rd8 31. Qc6 Qb8 32. Rf1 Qe5 33. Qc4 Nd6 34. Qd5 Qxd5 35. Bxd5 Kg7 36. Rf2 f5 37. Kg2 Kf6 38. Rc2 Ne4 39. Rc6+ Ke5 40. Bxe4 fxe4 41. Rxg6 Rd2+ 42. Kg3 Rd3+ 43. Kg2 Rd2+ 1/2-1/2